Statistiques concernant Pays les plus peuplés de A à Z

Cliquez ici pour prendre le quiz!

Statistiques générales

  • Ce quiz a été pris 124 fois
  • Le résultat moyen est 16 sur 24

Statistiques - réponses

PopulationPays% Correct
F64 531 444France
98%
C
1 425 893 465Chine
97%
I1 407 563 842Inde
94%
D5 854 240Danemark
91%
E336 997 624Etats-Unis
89%
B214 326 223Brésil
85%
A83 408 554Allemagne
82%
R145 102 755Russie
82%
J124 612 530Japon
79%
Q2 688 235Qatar
78%
Z19 473 125Zambie
78%
Y32 981 641Yemen
73%
K53 005 614Kenya
62%
M126 705 138Mexique
61%
T84 775 404Turquie
61%
P231 402 117Pakistan
59%
N213 401 323Nigéria
56%
U43 531 422Ukraine
50%
O45 853 778Ouganda
49%
V97 468 029Viêtnam
49%
G32 833 031Ghana
45%
H11 447 569Haïti
45%
L7 425 057Laos
40%
S45 657 202Soudan
34%

Distribution des résultats

Percentile par nombre de réponses

% des personnes avec chaque résultat

Votre développement - résultats

Vous n’avez pas pris ce quiz